000 00240nam a22001097a 4500
040 _cSK
082 _a399
100 _aNA
245 _aGenetic improvement of forest trees through selection and breeding
260 _aNA
_bNA
_cNA
942 _cEK
999 _c9439
_d9439